000 00359pab a2200121 454500
008 180718b xxu||||| |||| 00| 0 eng d
100 _aPramanik,, Alok Kumar
245 _aSocial accounting and reporting: concept and practice.
650 _a Social Accounting
650 _aAccounting, Social Cost
773 _aJournal of Accounting and Finance
909 _a22824
999 _c22824
_d22824